WITHERED - d4vd - Statistics

General Stats
  • This quiz has been taken 10 times
  • The average score is 12 of 17
Answer Stats
Songs Plays Artists % Correct
Crashing 62,295,450 d4vd, Kali Uchis
100%
Ghost 3,710,623 d4vd
88%
Afterlife 6,031,370 d4vd
75%
Atomic Land 7,632,554 d4vd
75%
Feel It 601,800,347 d4vd
75%
Is This Really Love? 21,798,785 d4vd
75%
Sky 8,354,269 d4vd
75%
Friend Again 5,817,968 d4vd
63%
Invisible String Theory (Interlude) 2,630,509 d4vd
63%
One More Dance 28,821,900 d4vd
63%
Say It Back 7,976,704 d4vd
63%
Somewhere In The Middle 4,233,982 d4vd
63%
Unrequited - Bonus Track 1,674,480 d4vd
63%
What Are You Waiting For 41,330,013 d4vd
63%
Where Did You Go? - Bonus Track 3,301,967 d4vd
63%
Where'd It Go Wrong? 21,431,679 d4vd
63%
You Left Me First 6,100,274 d4vd
63%
No matching quizzes found
Score Distribution
Percent of People with Each Score
Percentile by Number Answered
Your Score History
You have not taken this quiz